Joueurs passés par Boca Juniors - Mort subite - Statistiques

Statistiques générales
  • Ce quiz a été pris 112 fois
  • Le résultat moyen est 7 sur 20
Answers on the Grid
Answers color-coded by a green-red scale on the quiz's grid according to % correct below.
Juan Román Riquelme
Diego Maradona
Gabriel Batistuta
Carlos Tévez
Daniele De Rossi
Leonardo Balerdi
Edinson Cavani
Ander Herrera
Alexis Mac Allister
Gary Medel
Leandro Paredes
Mateo Retegui
Walter Samuel
Fernando Gago
Marcos Rojo
Luis Advíncula
Sergio Romero
Rodrigo Bentancur
Darío Benedetto
Nahuel Molina
Lautaro Martínez
Luis Suárez
Willian Pacho
Malcom
Sergio Ramos
Lionel Messi
Ángel Di María
Nicolás Otamendi
David Trezeguet
Enzo Francescoli
Hristo Stoitchkov
Darwin Núñez
Radamel Falcao
Thomas Müller
Javier Hernández
Giorgio Chiellini
 
Statistiques - réponses
Réponse % Correct
Carlos Tévez
61%
Edinson Cavani
53%
Darío Benedetto
49%
Juan Román Riquelme
48%
Marcos Rojo
46%
Diego Maradona
44%
Leandro Paredes
43%
Ander Herrera
37%
Fernando Gago
31%
Sergio Romero
31%
Luis Advíncula
30%
Leonardo Balerdi
28%
Daniele De Rossi
26%
Gabriel Batistuta
24%
Nahuel Molina
23%
Alexis Mac Allister
21%
Rodrigo Bentancur
17%
Walter Samuel
17%
Gary Medel
16%
Mateo Retegui
14%
Aucun quiz correspondant
Distribution des résultats
% des personnes avec chaque résultat
Percentile par nombre de réponses
Votre historique - résultats
Vous n’avez pas pris ce quiz